000 00538nam a22001937a 4500
005 20251108173425.0
008 250721s2001 xx 000 0 ara d
020 _a9772726556
082 1 4 _aط/599.74/لما
100 1 _aلماضة، عاطف
245 1 0 _aالذئب /
264 1 _aطنطا :
_bدار الصحابة،
_c2001.
300 _a16ص
490 0 _aعالم الحيوان في القرآن الكريم\n
650 1 7 _aالقرآن الكريم
650 1 7 _aالذئاب
942 _2ddc
_cBK
999 _c103551
_d103551